Aerobic digestion through air diffusion for the effective treatment of RSS processing effluent (Record no. 51476)

MARC details
000 -LEADER
fixed length control field 00536nam a2200133Ia 4500
100 ## - MAIN ENTRY--AUTHOR NAME
Personal name Harish M
245 #0 - TITLE STATEMENT
Title Aerobic digestion through air diffusion for the effective treatment of RSS processing effluent
260 ## - PUBLICATION, DISTRIBUTION, ETC. (IMPRINT)
Name of publisher IRC 2012. International Rubber Conference, 28-31 October 2012, Kovalam, India, Rubber Research Institute of India, Kottayam and IRRDB, Malaysia: Abstracts. pp.122-123.
650 ## - SUBJECT ADDED ENTRY--TOPICAL TERM
Topical Term Aerobic digestion
650 ## - SUBJECT ADDED ENTRY--TOPICAL TERM
Topical Term Air diffusion
700 ## - ADDED ENTRY--PERSONAL NAME
Personal name Mathew J
942 ## - ADDED ENTRY ELEMENTS (KOHA)
Koha item type Bibliography STAF
Holdings
Withdrawn status Lost status Damaged status Not for loan Home library Current library Shelving location Date acquired Koha item type
      Bibliography RRII Library RRII Library Rubber technology 16/04/2013 Bibliography STAF